=LDR 00000nam 2200000 4500 =001 INLIS000000000051371 =005 20170914073841 =035 ##$$a 0010-0917000175 =007 ta =008 170914###########################0###### =020 ##$$a 978-602-98175-2-2 =082 ##$$a 616 =084 ##$$a 616 MEI s =100 #$$a Meita Shanty =245 1#$$a Silent Killer Diseases : $b Penyakit yang Diam-Diam Mematikan /$c Meita Shanty =260 ##$$a Yogyakarta :$b Javalitera,$c 2011 =300 ##$$a 146 hlm. : $b ilus. ; $c 20 cm =650 ##$$a Penyakit Klinis =520 ##$$a Bibliografi: hlm. 145-146 =990 ##$$a 1095110951 =990 ##$$a 1095110951 =990 ##$$a 1095110951 =990 ##$$a 1095110951 =990 ##$$a 1095110951 =990 ##$$a 21704136 =990 ##$$a 01201710951 =990 ##$$a 01201710952 =990 ##$$a 01201710953 =990 ##$$a 01201710954 =990 ##$$a 21704137 =990 ##$$a 01201710951 =990 ##$$a 01201710952 =990 ##$$a 01201710953 =990 ##$$a 21704136 =990 ##$$a 21704138 =990 ##$$a 01201710951 =990 ##$$a 01201710952 =990 ##$$a 21704137 =990 ##$$a 21704136 =990 ##$$a 21704139 =990 ##$$a 01201710951 =990 ##$$a 21704138 =990 ##$$a 21704137 =990 ##$$a 21704136 =990 ##$$a 21704140 =990 ##$$a 21704139 =990 ##$$a 21704138 =990 ##$$a 21704137 =990 ##$$a 21704136